000 00832nam a22002057a 4500
999 _c9391
_d9391
003 AR-CdUCM
008 190327b ||||| |||| 00| 0 spa d
040 _aMUNICIPALIDAD PROVINCIAL DEL CUSCO
_cBIBLIOTECA MUNICIPAL DEL CUSCO
082 _a030 /
_bEN56
110 _aEspasa - Calpe
_918256
245 _aEnciclopedia Universal Ilustrada :
_bEuropeo - Americana (suplemento anual 1942-1944) /
260 _aMadrid :
_bEspasa-Calpe,
_c1958.
300 _a1248 páginas ;
_bilustraciones, mapas, cuadros, retratos,
_c25 cm.
505 _aContenido: Arqueología -- Bacteriología -- Bellas artes -- Biografía y necrología -- Derecho -- Farmacia ...
650 _aEnciclopedia Universal
_918257
700 _aCandela, Aguado
_925562
700 _aÁlamo, Reverendo ... (colaboradores)
_925563
942 _2ddc
_cLIBROS
945 _aachl